00952nom a22001217a 450000500170000000800410001704100080005808200130006624500350007950006790011465000250079365000120081820230428082751.0190716b xxu||||| |||| 00| 0 spa d aESP aACT-1764 aKit #3 Simulación de heridas aHeridas incluidas: Petequia, equimosis, patrones de ligaduras, cortes con cuchillo, disparos a corta distancia, disparos por escopeta, disparos a distancia intermedia, herida por disparo a distancia intermedia, salida de proyectil, herida por proyectil a quemarropa, herida de contacto, destornillador, mordida parcial, mordida completa, cuchillo de un solo filo, cuchillo de doble filo, golpe por bate, salida de proyectil en forma de “orejas de conejo”, salida de herida por picahielos, fractura compuesta de húmero, protrusión de cuerpo extraño, laceraciones grandes y medianas, y quemaduras de segundo grado. Se prestan para el mismo día, hasta las 7:50 pm aMODELOS ANATÓMICOS aHERIDAS